Statistics for Cream Songs

Click here to take the quiz!

General Stats

  • This quiz has been taken 11 times
  • The average score is 24 of 47

Answer Stats

AlbumSong% Correct
Disraeli GearsSunshine of Your Love
100%
Disraeli GearsStrange Brew
88%
GoodbyeBadge
75%
Wheels of FireCrossroads
75%
SingleI Feel Free
75%
Disraeli GearsSWLABR
75%
Wheels of FireWhite Room
75%
The Savage Seven SoundtrackAnyone for Tennis
63%
Disraeli GearsDance the Night Away
63%
Disraeli GearsMother's Lament
63%
Wheels of FirePolitician
63%
Wheels of FirePressed Rat and Warthog
63%
Wheels of FireSitting on Top of the World
63%
Disraeli GearsTales of Brave Ulysses
63%
Disraeli GearsBlue Condition
50%
Fresh CreamCat's Squirrel
50%
GoodbyeDoing That Scrapyard Thing
50%
Fresh CreamI'm So Glad
50%
Live CreamLawdy Mama
50%
Fresh CreamN.S.U.
50%
Disraeli GearsOutside Woman Blues
50%
Wheels of FirePassing the Time
50%
Fresh CreamRollin' and Tumblin'
50%
Fresh CreamSpoonful
50%
Royal Albert Hall London May 2-3-5-6, 2005Stormy Monday
50%
Disraeli GearsTake It Back
50%
Wheels of FireThose Were the Days
50%
Fresh CreamToad
50%
Disraeli GearsWe're Going Wrong
50%
Disraeli GearsWorld of Pain
50%
SingleWrapping Paper
50%
Wheels of FireAs You Said
38%
Wheels of FireBorn Under a Bad Sign
38%
Wheels of FireDeserted Cities of the Heart
38%
Fresh CreamDreaming
38%
Those Were the DaysFalstaff Beer Commercial
38%
Fresh CreamFour Until Late
38%
Disraeli Gears (Bonus Track)Hey Now, Princess
38%
Fresh CreamSleepy Time Time
38%
Live Cream Volume IISteppin' Out
38%
Fresh CreamSweet Wine
38%
Fresh Cream (Bonus Track)The Coffee Song
38%
Wheels of FireTraintime
38%
Disraeli Gears (Bonus Track)Weird of Hermiston
38%
GoodbyeWhat a Bringdown
25%
Disraeli Gears (Bonus Track)The Clearout
13%
Those Were the DaysYou Make Me Feel
13%

Score Distribution

Percentile by Number Answered

Percent of People with Each Score

Your Score History

You have not taken this quiz